<?xml version="1.0" encoding="UTF-8"?>
<record
    xmlns:xsi="http://www.w3.org/2001/XMLSchema-instance"
    xsi:schemaLocation="http://www.loc.gov/MARC21/slim http://www.loc.gov/standards/marcxml/schema/MARC21slim.xsd"
    xmlns="http://www.loc.gov/MARC21/slim">

  <leader>00714nam a2200205Ia 4500</leader>
  <controlfield tag="003">IN-BaIIA</controlfield>
  <controlfield tag="008">211028s9999    xx            000 0 eng d</controlfield>
  <datafield tag="020" ind1=" " ind2=" ">
    <subfield code="a">978-0-8194-7221-2</subfield>
  </datafield>
  <datafield tag="040" ind1=" " ind2=" ">
    <subfield code="c">IIA Library</subfield>
  </datafield>
  <datafield tag="080" ind1=" " ind2=" ">
    <subfield code="a">535(082.1)</subfield>
    <subfield code="b">SPI-7011</subfield>
  </datafield>
  <datafield tag="100" ind1=" " ind2=" ">
    <subfield code="a">Turner, M. J. L</subfield>
    <subfield code="9">32708</subfield>
  </datafield>
  <datafield tag="245" ind1=" " ind2="0">
    <subfield code="a">Space telescopes and instrumentation 2008</subfield>
    <subfield code="b">ultraviolet to gamma ray</subfield>
    <subfield code="c">M. J. L Turner and K. A Flanagan</subfield>
  </datafield>
  <datafield tag="260" ind1=" " ind2=" ">
    <subfield code="a">Washington</subfield>
    <subfield code="b">The International Society for Optical Engineering</subfield>
    <subfield code="c">2008</subfield>
  </datafield>
  <datafield tag="300" ind1=" " ind2=" ">
    <subfield code="a">[various pagings.]</subfield>
  </datafield>
  <datafield tag="650" ind1=" " ind2=" ">
    <subfield code="a">Gamma ray - congresses</subfield>
    <subfield code="9">32709</subfield>
  </datafield>
  <datafield tag="650" ind1=" " ind2=" ">
    <subfield code="a">Instrumentation - congresses</subfield>
    <subfield code="9">31707</subfield>
  </datafield>
  <datafield tag="650" ind1=" " ind2=" ">
    <subfield code="a">Space telescopes - congresses</subfield>
    <subfield code="9">32710</subfield>
  </datafield>
  <datafield tag="700" ind1=" " ind2=" ">
    <subfield code="a">Flanagan, K. A&#xA0;</subfield>
    <subfield code="9">32711</subfield>
  </datafield>
  <datafield tag="942" ind1=" " ind2=" ">
    <subfield code="c">BK</subfield>
  </datafield>
  <datafield tag="999" ind1=" " ind2=" ">
    <subfield code="c">17342</subfield>
    <subfield code="d">17342</subfield>
  </datafield>
  <datafield tag="952" ind1=" " ind2=" ">
    <subfield code="0">0</subfield>
    <subfield code="1">0</subfield>
    <subfield code="4">0</subfield>
    <subfield code="7">0</subfield>
    <subfield code="a">BAN</subfield>
    <subfield code="b">BAN</subfield>
    <subfield code="c">GEN</subfield>
    <subfield code="d">2009-06-06</subfield>
    <subfield code="e">EDS   </subfield>
    <subfield code="g">5499.00</subfield>
    <subfield code="l">0</subfield>
    <subfield code="o">535(082.1)/ SPI-7011</subfield>
    <subfield code="p">18264</subfield>
    <subfield code="r">2021-11-05</subfield>
    <subfield code="v">5499.00</subfield>
    <subfield code="w">2009-06-06</subfield>
    <subfield code="y">BK</subfield>
    <subfield code="G">Rs. 5499.00  </subfield>
  </datafield>
</record>
